Дозиметрия нейтронных полей терапевтического комплекса на базе циклотрона У-120; Перспективы развития фундаментальных наук; Т. 1 : Физика

Detalhes bibliográficos
Parent link:Перспективы развития фундаментальных наук=Prospects of Fundamental Sciences Development: сборник научных трудов XIV Международной конференции студентов, аспирантов и молодых ученых, г. Томск, 25-28 апреля 2017 г./ Национальный исследовательский Томский политехнический университет (ТПУ) ; под ред. И. А. Курзиной, Г. А. Вороновой.— , 2017
Т. 1 : Физика.— 2017.— [С. 456-458]
Autor principal: Южаков А. Д.
Autor Corporativo: Национальный исследовательский Томский политехнический университет (ТПУ) Физико-технический институт (ФТИ) Кафедра прикладной физики (№ 12) (ПФ)
Outros Autores: Вагнер А. Р. Александр Рудольфович (научный руководитель)
Resumo:Заглавие с экрана
In this work, the characteristics of the treat beam's dosimetry of fast neutrons of the U-120 cyclotron have been analyzed with the help of the ionizing method. The fast neutrons with 6, 3 MeV as medium energy have been obtained in coordination of deuterons with the target made of beryllium and are meant to be used for treating the patients with malignant neoplasms. The capacity of the dose in the beam of fast neutrons has been measured by ionization chambers of different types. The research has been done with the consideration of co-occurring gamma rays. The monitoring indices needed for calculation the duration of therapy session at given therapy dose have also been specified.
Idioma:russo
Publicado em: 2017
Assuntos:
Acesso em linha:http://earchive.tpu.ru/handle/11683/41342
Formato: MixedMaterials Recurso Electrónico Capítulo de Livro
KOHA link:https://koha.lib.tpu.ru/cgi-bin/koha/opac-detail.pl?biblionumber=622733

MARC

LEADER 00000naa2a2200000 4500
001 622733
005 20231101133227.0
035 |a (RuTPU)RU\TPU\conf\21535 
035 |a RU\TPU\conf\21534 
090 |a 622733 
100 |a 20170705d2017 k y0rusy50 ca 
101 0 |a rus  |d eng 
102 |a RU 
105 |a y z 100zy 
135 |a drcn ---uucaa 
181 0 |a i  
182 0 |a b 
200 1 |a Дозиметрия нейтронных полей терапевтического комплекса на базе циклотрона У-120  |d The dosimetry of neutron fields of therapeutic complex based on the U-120 cyclotron  |f А. Д. Южаков  |g науч. рук. А. Р. Вагнер 
203 |a Текст  |c электронный 
230 |a 1 компьютерный файл (pdf; 201 Kb) 
300 |a Заглавие с экрана 
320 |a [Библиогр.: с. 458 (4 назв.)] 
330 |a In this work, the characteristics of the treat beam's dosimetry of fast neutrons of the U-120 cyclotron have been analyzed with the help of the ionizing method. The fast neutrons with 6, 3 MeV as medium energy have been obtained in coordination of deuterons with the target made of beryllium and are meant to be used for treating the patients with malignant neoplasms. The capacity of the dose in the beam of fast neutrons has been measured by ionization chambers of different types. The research has been done with the consideration of co-occurring gamma rays. The monitoring indices needed for calculation the duration of therapy session at given therapy dose have also been specified. 
461 1 |0 (RuTPU)RU\TPU\conf\21388  |t Перспективы развития фундаментальных наук  |l Prospects of Fundamental Sciences Development  |o сборник научных трудов XIV Международной конференции студентов, аспирантов и молодых ученых, г. Томск, 25-28 апреля 2017 г.  |o в 7 т.  |f Национальный исследовательский Томский политехнический университет (ТПУ) ; под ред. И. А. Курзиной, Г. А. Вороновой  |d 2017 
463 1 |0 (RuTPU)RU\TPU\conf\21389  |t Т. 1 : Физика  |v [С. 456-458]  |d 2017 
510 1 |a The dosimetry of neutron fields of therapeutic complex based on the U-120 cyclotron  |z eng 
610 1 |a труды учёных ТПУ 
610 1 |a электронный ресурс 
610 1 |a терапевтические системы 
610 1 |a пучки нейтральных частиц 
610 1 |a циклотроны 
610 1 |a ионизационные методы 
610 1 |a злокачественные новообразования 
700 1 |a Южаков  |b А. Д. 
702 1 |a Вагнер  |b А. Р.  |c физик  |c доцент Томского политехнического университета  |f 1983-  |g Александр Рудольфович  |2 stltpush  |4 727 
712 0 2 |a Национальный исследовательский Томский политехнический университет (ТПУ)  |b Физико-технический институт (ФТИ)  |b Кафедра прикладной физики (№ 12) (ПФ)  |h 46  |2 stltpush  |3 (RuTPU)RU\TPU\col\18729 
801 2 |a RU  |b 63413507  |c 20170718  |g RCR 
856 4 |u http://earchive.tpu.ru/handle/11683/41342 
942 |c BK